000
00383nam a2200133Ia 4500
008
151001s9999||||xx |||||||||||||| ||und||
100
_a
नयनतारा देसाई
245
_a
शिरकमल अमर जहाले
250
_a
1
260
_b
विभासा पुस्तक महाल
260
_c
2010
300
_a
335
365
_b
21
999
_c
996223
_d
996220